Missing Word: Country Subdivisions Quiz Stats

 Plays Quiz Updated Sep 28, 2015

Challenge
Share
Tweet
Embed
Score 0/18 Timer 03:00
0 Plays Today
Country Subdivision Missing Word % Correct
_____ MexicoNew
92.7%
New _____ WalesSouth
89.4%
British _____Columbia
82%
Rio de _____Janeiro
77.5%
Tierra del _____Fuego
67.6%
Northwest _____Territories
60.7%
_____ California SurBaja
55.3%
____ IslandRhode
52.9%
_____ MongoliaInner
48.3%
Country Subdivision Missing Word % Correct
_____ FlandersWest or East
46.2%
Balearic _____Islands
39.1%
_____ SaxonyLower
37%
Uttar _____Pradesh
33.2%
_____-BrabantNorth
32.5%
North _____-WestphaliaRhine
24.5%
Chiang _____Mai
23.6%
Kaliningrad _____Oblast
20.4%
Rhône-_____Alpes
12%

Today's Daily Dose

You're not logged in!

Compare scores with friends on all Sporcle quizzes.
OR
Log In

You Might Also Like...

Show Comments

Extras

Top Quizzes Today


Score Distribution

Your Account Isn't Verified!

In order to create a playlist on Sporcle, you need to verify the email address you used during registration. Go to your Sporcle Settings to finish the process.

Report this User

Report this user for behavior that violates our Community Guidelines.

Details: